000 01784cam a2200445 i 4500
001 xx001469346
003 NUKAT
005 20260309124432.0
008 091120r19911938pl a g |000 0 pol c
020 _a8385011374
_q(oprawa twarda)
035 _a(OCoLC)751045769
035 _a(NUKAT)xx001469346
040 _aGD PAN/ET
_bpol
_erda
_cGD PAN/ET
_dGD PAN/AP
_dGD PAN/JSs
_dOLSZT 008/bak
046 _k1938
100 1 _aMajkowski, Aleksander
_d(1876-1938).
_eAutor
_96706
245 1 0 _aHistoria Kaszubów /
_cAleksander Majkowski.
250 _aWydanie II.
260 _aGdańsk :
_bZrzeszenie Kaszubsko-Pomorskie, Zarząd Główny,
_c1991.
300 _aIX, 237, XXVI, [2] strony :
_bilustracje ;
_c22 cm.
336 _aTekst
_btxt
_2rdacontent
337 _aBez urządzenia pośredniczącego
_bn
_2rdamedia
338 _aWolumin
_bnc
_2rdacarrier
380 _aKsiążki
388 1 _a1901-2000
388 1 _a1918-1939
388 1 _a1989-2000
501 _6Zawiera: O Aleksandra Majkowskiego "Historii Kaszubów" / Gerard Labuda.
504 _aBibliografia na stronach 224-228.
534 _pReprint, oryginał:
_cGdynia : nakładem Komitetu Wydawniczego : Skład Główny "Stanica" Zrzeszenie Regionalne Kaszubów, 1938.
600 1 7 _aMajkowski, Aleksander
_d(1876-1938)
_xkrytyka i interpretacja.
_2kaba
_96706
650 7 _aKaszubi
_2DBN
_936343
650 7 _aKaszubi
_xhistoria.
_2kaba
_915393
651 7 _aKaszuby
_2DBN
_937663
658 _aEtnologia i antropologia kulturowa
658 _aHistoria
700 1 2 _aLabuda, Gerard
_d(1916-2010).
_tO Aleksandra Majkowskiego "Historii Kaszubów"
_l(pol.)
_937661
710 2 _aZrzeszenie Kaszubsko-Pomorskie.
_bZarząd Główny.
_eWydawca
_4pbl
_937662
920 _a83-85011-37-4 (oprawa twarda)
942 _2ddc
_cBK_NM
999 _c26867
_d26867